000 00617nab a2200193 a 4500
005 20210219160805.0
008 991125s1985 mx 000 0 spa u
035 _aUPN01000172717
100 1 _aCarpintero, Helio
222 _aREVISTA DE PSICOLOGIA GENERAL Y APLICADA
245 _aAbraham Maslow : un psicólogo en la encrucijada : evocación de un centenario, 1908-2008
260 _aSantiago de Compostela, España
300 _a117-128
362 0 _a2008 Vol. 61, no. 2, abr.
653 0 _aMASLOW, ABRAHAM, 1908-1970
653 0 _aPSICOLOGOS
653 0 _aPSICOLOGIA CONTEMPORANEA
905 _aArticulo
999 _c144821
_d144821